000 00418ntaaa2200169 4500
003 01
005 20251027201923.0
008 0714s1973 ag 01
040 _aAR-BaBN
_bspa
_cAR-BaBN
_eaacr
_dRIC
082 _a244.2000 W17
100 _aWalton, Mrs. O. F.
_917750
245 _aAbdrea, o hijos de luz
250 _a1 ed. :
_bUBP,
_cn.f.
300 _a95 p.
650 _aNiƱos-Novela Religiosa
_917751
942 _cBK
999 _c13931
_d13931